| 000 | 01085nam a22001817a 4500 | ||
|---|---|---|---|
| 010 | _aHIN-129720 | ||
| 020 |
_a9789394632011 _c199.00 |
||
| 035 | _aHN-102066 | ||
| 037 | _bDBAD | ||
| 082 | _a420 | ||
| 100 |
_aखटे,राहुल _981008 |
||
| 245 |
_aराजभाषा हिंदी के नवोन्मेषी आयाम : _bनई शिक्षा नीति -2020 के लिए उपयुक्त पुस्तक राजभाषा हिंदी के वैज्ञानिक और तकनीकी पक्षों का अन्वेषण / _cराहुल खटे |
||
| 250 | _aप्रथम | ||
| 260 |
_aमुंबई _bसंस्कार साहित्य माला _c2023 |
||
| 270 |
_a407,कृष्णा विहार,टाटा कंपाउंड,इर्ला ब्रिज,एस.वी रोड , _bअँधेरी(प.), मुंबई _e400058 |
||
| 300 |
_a96पृ. _c22 सेमी.(अजिल्द) |
||
| 942 |
_2ddc _cHN _h420 _mखटेरा |
||
| 999 |
_c211145 _d211145 |
||